1600 1925 1898 1648 1573 1910 1360 1218 1776 1912 1484 1820 1705 1556 1275 1035 1092 1103 1998 1243 1873 1400 1089 1781 1550 1451 1717 1233 1511 1516 1952 1661 1511 1034 1516 1078 1430 1621 1097 1384 1095 1681 1107 1234 1704 1405 1300 1700 1830 1319 1012 1734 1878 1963 1758 1622 1182 1666 1217 1910 1649 1576 1380 1761 1010 1556 1479 1466 1646 1331 1775 1256 1256 1248 1821 1394 1471 1420 1246 1061 1260 1280 1908 1095 1174 1957 1379 1907 1134 1108 1311 1426 1473 1634 1025 1978 1313 1025 1003 BCNSPRNW ULIB Ver.6.0+V

เปลี่ยนเป็นภาษาไทย

Change to English
 แสดงรายละเอียดบรรณานุกรม
  กลับหน้าหลัก

Brief Record : Get Marc (ISO 2709) : E-mail record : QR code < ปิดหน้าต่าง
LEADER : 00000nam 2200000uu 4500
001    13399107819
003     ULIB
008    110204s2543||||th 000 0 tha d
020    9748599701
041 0  tha
060 04 WY161^bก496 2543
245 00 การพยาบาลทางศัลยศาสตร์ เล่ม 3 /^cสมพร ชินโนรส, บรรณาธิการ
250    พิมพ์ครั้งที่ 1
260    กรุงเทพฯ :^bภาควิชาพยาบาลศาสตร์คณะแพทยศาสตร์โรงพยาบาลรามาธิบดี มหาวิทยาลัยมหิดล,^c2543
300     เล่ม :^bภาพประกอบ ;^c27 ซม.
650  7 การพยาบาลศัลยศาสตร์
700 0  สมพร ชินโนรส,^eบรรณาธิการ
710 2  มหาวิทยาลัยมหิดล. ^bคณะแพทยศาสตร์โรงพยาบาลรามาธิบดี.^bภาควิชาพยาบาลศาสตร์
945    ^p0^l0^i014030
945    ^p0^l0^i014029
945    ^p0^l0^i012784
945    ^p0^l0^i012782
945    ^p0^l0^i012780
945    ^p0^l0^i012778
945    ^p0^l0^i012777
945    ^p0^l0^i012776
945    ^p0^l0^i012774
945    ^p0^l0^i012772
945    ^p0^l0^i012770
945    ^p0^l0^i014028
945    ^p0^l0^i012783
945    ^p0^l0^i012781
945    ^p0^l0^i012779
945    ^p0^l0^i012775
945    ^p0^l0^i012773
945    ^p0^l0^i012771
995    ศพร
999 ^a ใช้งานได้ทุกระบบ
รายการนี้ยังไม่มีแท็ก
คุณยังไม่ได้ล็อกอิน คุณสามารถมีกิจกรรมร่วมกับเว็บไซต์ได้ แต่ต้องล็อกอินก่อน ::
  ล็อกอิน

รายการสื่อสารสนเทศ

ลำดับที่ ประเภท เลขเรียก/บาร์โค้ด สถานที่ สถานะ
1. วิทยาศาสตร์การแพทย์ และสุขภาพ
วิทยาศาสตร์การแพทย์ และสุขภาพ
สถานะ=หนังสือเก่า
WY161 ก496 2543 ฉ.7 
  Barcode: 012776
ห้องสมุดวิทยาเขตสวรรค์ประชารักษ์
►ส่วนจัดเก็บหนังสือเก่า สปร
บนชั้น
  ขอยืม

รายการใกล้เคียง
    หัวเรื่อง [การพยาบาลศัลยศาสตร์]

BibComment


ยังไม่เคยถูกคอมเมนท์

คอมเมนท์ทรัพยากรรายการนี้
  คอมเมนท์: การพยาบาลทางศัลยศ..


 Copyright 2026. Bcnsprnw @Library